Динамические контактные задачи для предварительно напряженных электроупругих сред

Bibliographische Detailangaben
1. Verfasser: Калинчук В. В. Валерий Владимирович
Weitere Verfasser: Белянкова Т. И. Татьяна Ивановна
Zusammenfassung:На основе последовательной линеаризации определяющих соотношений нелинейной механики электроупругих сред развита линеаризованная теория контактного взаимодействия полуограниченных предварительно напряженных пьезоактивных тел. Показаны особенности постановки краевых задач с использованием лагранжевых и эйлеровых координат, построены решения задач о колебаниях пьезоактивной среды с прямолинейными границами (слой, слоистое полупространство). Для этих типов сред выведены интегральные уравнения и исследованы их основные свойства. На основе анализа построенных решений выявлены закономерности влияния начальных напряжений на динамические процессы в пьезоактивных средах, изучены условия возникновения и возможности использования резонансных явлений для регистрации изменений начального напряженного состояния пьезоактивных деформируемых тел. Для специалистов в области механики, физики, акустоэлектроники и приборостроения, неразрушающего контроля и дефектоскопии, студентов и аспирантов соответствующих специальностей.
Sprache:Russisch
Veröffentlicht: Москва, Физматлит, 2006
Schlagworte:
Format: MixedMaterials Buch
KOHA link:https://koha.lib.tpu.ru/cgi-bin/koha/opac-detail.pl?biblionumber=109215

MARC

LEADER 00000nam0a2200000 4500
001 109215
005 20231031115938.0
010 |a 5922106686 
035 |a (RuTPU)RU\TPU\book\117891 
090 |a 109215 
100 |a 20070201d2006 k y0rusy50 ca 
101 0 |a rus 
102 |a RU 
105 |a y z 001zy 
200 1 |a Динамические контактные задачи для предварительно напряженных электроупругих сред  |f В. В. Калинчук, Т. И. Белянкова 
210 |a Москва  |c Физматлит  |d 2006 
215 |a 272 с. 
320 |a Библиогр.: с. 266-272. 
330 |a На основе последовательной линеаризации определяющих соотношений нелинейной механики электроупругих сред развита линеаризованная теория контактного взаимодействия полуограниченных предварительно напряженных пьезоактивных тел. Показаны особенности постановки краевых задач с использованием лагранжевых и эйлеровых координат, построены решения задач о колебаниях пьезоактивной среды с прямолинейными границами (слой, слоистое полупространство). Для этих типов сред выведены интегральные уравнения и исследованы их основные свойства. На основе анализа построенных решений выявлены закономерности влияния начальных напряжений на динамические процессы в пьезоактивных средах, изучены условия возникновения и возможности использования резонансных явлений для регистрации изменений начального напряженного состояния пьезоактивных деформируемых тел. Для специалистов в области механики, физики, акустоэлектроники и приборостроения, неразрушающего контроля и дефектоскопии, студентов и аспирантов соответствующих специальностей. 
610 1 |a электроупругие среды 
610 1 |a динамические контактные задачи 
610 1 |a нелинейная механика 
610 1 |a уравнения 
610 1 |a минерализация 
610 1 |a пьезоактивные материалы 
610 1 |a краевые задачи 
610 1 |a колебания 
610 1 |a электродные структуры 
610 1 |a одномерные уравнения 
610 1 |a пространственные задачи 
610 1 |a плоские задачи 
610 1 |a пьезоактивные среды 
610 1 |a начальные напряжения 
675 |a 539.37  |v 3 
700 1 |a Калинчук  |b В. В.  |g Валерий Владимирович 
701 1 |a Белянкова  |b Т. И.  |g Татьяна Ивановна 
801 1 |a RU  |b 63413507  |c 20070201  |g PSBO 
801 2 |a RU  |b 63413507  |c 20131205  |g PSBO 
942 |c BK